Future connectivity (Record no. 81036)
[ view plain ]
| 000 -LEADER | |
|---|---|
| fixed length control field | 00815cab a22001935a 4500 |
| 001 - CONTROL NUMBER | |
| control field | L146129 |
| 008 - FIXED-LENGTH DATA ELEMENTS--GENERAL INFORMATION | |
| fixed length control field | 081211s2008 xxkad f 000 0 eng d |
| 035 ## - SYSTEM CONTROL NUMBER | |
| System control number | (Sirsi) u146129 |
| 041 0# - LANGUAGE CODE | |
| Language code of text/sound track or separate title | eng |
| 100 1# - MAIN ENTRY--PERSONAL NAME | |
| Personal name | Booty, Frank |
| 245 00 - TITLE STATEMENT | |
| Title | Future connectivity |
| 260 ## - PUBLICATION, DISTRIBUTION, ETC. | |
| Date of publication, distribution, etc. | 2008 |
| 490 #0 - SERIES STATEMENT | |
| Series statement | Premises and Facilities Management |
| Volume/sequential designation | November 2008, 32-33(2) |
| 520 ## - SUMMARY, ETC. | |
| Summary, etc. | Explains how a vision of a unified physical infrastructure is emerging that will align it more to business and increase operational efficiency by managing the interdependence of building systems, factory automation and data centres. Discusses the Panduit system for doing this, highlighting its key features. |
| 590 ## - LOCAL NOTE (RLIN) | |
| Local note | KA |
| 651 #4 - SUBJECT ADDED ENTRY--GEOGRAPHIC NAME | |
| Geographic name | United Kingdom |
| Chronological subdivision | |
| 690 ## - LOCAL SUBJECT ADDED ENTRY--TOPICAL TERM (OCLC, RLIN) | |
| Topical term or geographic name as entry element | PROPERTY-INFRASTRUCTURE-INFRASTRUCTURE FINANCE AND INVESTMENT |
| 942 ## - ADDED ENTRY ELEMENTS (KOHA) | |
| Suppress in OPAC | 0 |
| Withdrawn status | Lost status | Source of classification or shelving scheme | Damaged status | Not for loan | Home library | Current library | Shelving location | Date acquired | Total Checkouts | Full call number | Barcode | Date last seen | Copy number | Price effective from | Koha item type |
|---|---|---|---|---|---|---|---|---|---|---|---|---|---|---|---|
| Dewey Decimal Classification | London | London | Journal article | 11/12/2008 | L146129 | 146129-1001 | 06/08/2019 | 1 | 06/08/2019 | Journal article |